000 00615nam a2200241 a 4500
001 nice12345678
003 IN_TiNIC
005 20260116012243.0
008 050524s1993 newa grp 000 0 eng
020 _a0300839
_c100
082 0 0 _a291.42
_bRAM
100 _aRambo, Lewis R
245 _aUnderstanding Religious Conversiion
260 _aNew Haven
_bYale University Press
_c1993
300 _a240p
500 _aincludes index and biblioraphy
505 2 _aindex
650 _aConversion-Religiou Experience
700 1 _aRambo, Lewis R
902 _bSRS
942 _cBK
999 _c6254
_d6254